000 00514cam a2200181ua 4500
020 _a0-07-451708-2
041 _aeng
_h
082 _a628
_bKAM/EN
100 _aKamala, A .
245 _aEnvironmental engineering: Water suppy, sanitary engineering and pollution /
_cA Kamala.
_hTextual Documents
260 _aNew Delhi :
_bTata Mc-Graw Hill Publishing Company ,
_c1988.
300 _a272 ; .
500 _a** Reference
504 _a
700 1 _aRao Kanth, D L .
942 _cBK
999 _c10446
_d10446